Suomen joukkue talviolympialaisissa 2026 - Statistics

Yleistilastot
  • Tätä visaa on pelattu 82 kertaa
    46 viimeisimmän päivityksen jälkeen
  • Keskiarvotulos 46 / 103
Vastaustilastot
% Oikein
M maastohiihto IivoNiskanen
100%
N maastohiihto KerttuNiskanen
100%
M jääkiekko SebastianAho
93%
M alppihiihto ElianLehto
87%
N maastohiihto JasmiJoensuu
83%
N maastohiihto KristaPärmäkoski
83%
N ampumahiihto SuviMinkkinen
83%
M yhdistetty IlkkaHerola
80%
M jääkiekko MikkoLehtonen
80%
N ampumahiihto VenlaLehtonen
80%
M yhdistetty EeroHirvonen
77%
N mäkihyppy HetaHirvonen
77%
N maastohiihto JohannaMatintalo
77%
M maastohiihto JoniMäki
77%
M jääkiekko JuuseSaros
77%
M maastohiihto LauriVuorinen
77%
M jääkiekko MikaelGranlund
77%
M jääkiekko MiroHeiskanen
77%
M maastohiihto RistomattiHakola
77%
M jääkiekko MikkoRantanen
70%
N mäkihyppy MinjaKorhonen
67%
M jääkiekko RoopeHintz
67%
M ampumahiihto TeroSeppälä
67%
M jääkiekko EsaLindell
63%
M jääkiekko TeuvoTeräväinen
63%
N maastohiihto VilmaNissinen
63%
M mäkihyppy AnttiAalto
60%
M alppihiihto EduardHallberg
60%
N maastohiihto JasminKähärä
60%
M jääkiekko JoelArmia
60%
M jääkiekko OliverKapanen
60%
M jääkiekko OlliMäättä
60%
M jääkiekko KevinLankinen
57%
M maastohiihto NikoAnttola
57%
M jääkiekko NikolasMatinpalo
57%
M ampumahiihto OlliHiidensalo
57%
M jääkiekko RasmusRistolainen
57%
N maastohiihto VilmaRyytty
57%
M jääkiekko AntonLundell
53%
M jääkiekko ArtturiLehkonen
53%
M jääkiekko EeliTolvanen
53%
M jääkiekko ErikHaula
53%
M alppihiihto JesperPohjolainen
50%
N taitoluistelu JuuliaTurkkila
50%
M jääkiekko KaapoKakko
50%
M ampumahiihto OttoInvenius
50%
N alppihiihto RosaPohjolainen
50%
N ampumahiihto SonjaLeinamo
50%
M maastohiihto ArsiRuuskanen
47%
N ampumahiihto Inka Hämäläinen
47%
N jääkiekko JenniHiirikoski
47%
M maastohiihto EmilLiekari
43%
M jääkiekko HenriJokiharju
43%
M maastohiihto NiiloMoilanen
43%
M lumilautailu ReneRinnekangas
43%
N jääkiekko SusannaTapani
43%
N maastohiihto AmandaSaari
40%
N mäkihyppy JennyRautionaho
40%
M mäkihyppy NikoKytösaho
40%
M jääkiekko NikoMikkola
40%
M ampumahiihto TuomasHarjula
40%
N freestylehiihto AnniKärävä
37%
M jääkiekko EetuLuostarinen
37%
N taitoluistelu IidaKarhunen
37%
M taitoluistelu MatthiasVersluis
37%
N jääkiekko MichelleKarvinen
37%
M mäkihyppy VilhoPalosaari
37%
M jääkiekko JoelKiviranta
33%
M freeski KuuraKoivisto
33%
M jääkiekko JoonasKorpisalo
30%
N jääkiekko AnniKeisala
27%
M freestylehiihto EliasSyrjä
27%
M ampumahiihto JimiKlemettinen
27%
N jääkiekko RonjaSavolainen
27%
N jääkiekko SanniAhola
27%
N jääkiekko ElisaHolopainen
23%
N alppihiihto ErikaPykäläinen
23%
N ampumahiihto Noora KaisaKeränen
23%
M yhdistetty WilleKarhumaa
23%
N lumilautailu EveliinaTaka
20%
M kumparelasku OlliPenttala
20%
N jääkiekko PetraNieminen
20%
M kumparelasku SeveriVierelä
20%
N jääkiekko ViiviVainikka
20%
M freeski EliasLajunen
17%
N jääkiekko NelliLaitinen
17%
N jääkiekko NooraTulus
17%
M kumparelasku AkseliAhvenainen
13%
N jääkiekko JuliaSchalin
13%
M kumparelasku RasmusKarjalainen
13%
N jääkiekko SanniVanhanen
13%
N jääkiekko SiniKarjalainen
13%
N mäkihyppy SofiaMattila
13%
N jääkiekko EmiliaKyrkkö
10%
N jääkiekko EmiliaVesa
10%
N jääkiekko SanniRantala
10%
N alppihiihto SiljaKoskinen
10%
N jääkiekko EmmaNuutinen
7%
N jääkiekko IdaKuoppala
7%
N jääkiekko JuliaLiikala
7%
N jääkiekko JenniinaNylund
3%
N jääkiekko SiiriYrjölä
3%
N jääkiekko ElliSuoranta
0%
Ehtoja vastaavia visoja ei löytynyt
Tulosjakauma
Jokaisen tuloksen saaneiden osuus
Persentiili vastausten määrän mukaan
Tuloshistoriasi
Et ole pelannut tätä visaa sen viimeisimmän päivityksen jälkeen